000 00541nam a2200229 a 4500
001 nice12345678
003 IN_TiNIC
005 20260116014625.0
008 070412s1999 newa grp 000 0 eng
020 _a8186921036
_c225
082 0 0 _a190
_bMOH
100 _aMohanty, S K
245 _aFacets of Humanism
260 _aNew Delhi
_bDecent Books
_c1999
300 _a190p
500 _aincludes index and biblioraphy
650 _aHumanism
700 1 _aMohanty, S K
902 _bSRS
942 _cBK
999 _c16281
_d16281